| 000 | 01025cam a2200253 a 4500 | ||
|---|---|---|---|
| 005 | 20160209095732.0 | ||
| 008 | 040805s2004 ck a b 000 0 spa d | ||
| 040 |
_aVXG _cVXG _dOCLCQ _dDLC _dCO-BoIAVH |
||
| 041 | 0 | _aspa | |
| 044 | _ack | ||
| 082 | 0 | 4 |
_a581.7 _bO83t |
| 100 | 1 | _aOspina Penagos, Carlos Mario. | |
| 245 | 0 | 3 |
_aEl tambor, especie forestal nativa : _bcultivo y aspectos fitosanitarios en Colombia / _cpor Carlos Mario Ospina Penagos ... [y otros 3]. |
| 260 |
_aChinchiná (Caldas, Colombia) : _bCenicafé, _c2004. |
||
| 300 |
_a40 páginas : _bilustraciones a color ; _c24 x 17 cm. |
||
| 490 | 0 |
_aBoletín técnico, _x0120-047X ; _vno. 26 |
|
| 504 | _aIncluye referencias bibliográficas (páginas 35-39). | ||
| 650 | 6 |
_aArboles forestales _zColombia. |
|
| 650 | 6 |
_aArboles forestales _xEnfermedades y plagas _zColombia. |
|
| 700 | 1 | _aPosada López, Carlos Javier | |
| 700 | 1 | _aGil Palacio, Zulma Nancy | |
| 700 | 1 | _aCastro Caicedo, Bertha Lucía | |
| 942 |
_2ddc _cLIBRO |
||
| 999 |
_c4729 _d4729 |
||